Impact of globalisation on sports industry in India: a case study of Jalandhar (Punjab) (Record no. 493479)

000 -LEADER
fixed length control field 00537cam a22001457a 4500
008 - FIXED-LENGTH DATA ELEMENTS--GENERAL INFORMATION
fixed length control field 180718b2007 xxu||||| |||| 00| 0 eng d
082 ## - DEWEY DECIMAL CLASSIFICATION NUMBER
Classification number APPPA 2007-08
100 ## - MAIN ENTRY--PERSONAL NAME
Personal name Maneesh Kumar
245 ## - TITLE STATEMENT
Title Impact of globalisation on sports industry in India: a case study of Jalandhar (Punjab)
Statement of responsibility, etc. by Maneesh Kumar
260 ## - PUBLICATION, DISTRIBUTION, ETC.
Place of publication, distribution, etc. New Delhi
Name of publisher, distributor, etc. Indian Institute of Public Administration
Date of publication, distribution, etc. 2007
300 ## - PHYSICAL DESCRIPTION
Extent 93p.
500 ## - GENERAL NOTE
General note An APPPA M.Phil dissertation, 2006-07 (Guide: Dr. P.K. Chaubey)
650 ## - SUBJECT ADDED ENTRY--TOPICAL TERM
Topical term or geographic name entry element Sports industry - India
650 ## - SUBJECT ADDED ENTRY--TOPICAL TERM
Topical term or geographic name entry element Globalisation
Holdings
Withdrawn status Lost status Damaged status Not for loan Permanent Location Current Location Date acquired Full call number Barcode Date last seen Price effective from Koha item type
        Indian Institute of Public Administration Indian Institute of Public Administration 2018-08-04 APPPA 2007-08 GR17876 2018-08-04 2018-08-04 GR

Powered by Koha